Geboren in Garmisch-Partenkirchen - Statistiken

Allgemein
  • Dieses Quiz wurde 72 mal gespielt
    10 seit der letzten Aktualisierung
  • Das Durchschnittsergebnis liegt bei 4 aus 12
Antwortstatistiken
Hinweis Antwort % Korrekt
Autor, "Jim Knopf und Lukas der Lokomotivführer" "Momo" "Die unendliche Geschichte" 1929 Michael Ende
90%
ehemaliger Skirennläufer, Ehemann einer erfolgreichen Skirennläuferin und Vater eines erfolgreichen Skirennläufers 1949 Christian Neureuther
70%
ehemalige Biathletin,Olympiasiegerin und Weltmeisterin, verstarb 2025 bei einem Bergunfall 1993 Laura Dahlmeier
70%
ehemalige Biathletin, Olympiasiegerin und Weltmeisterin 1987 Magdalena Neuner
70%
ehemalige Skirennläuferin, Olympiasiegerin und Weltmeisterin 1984 Maria Höfl-Riesch
40%
Präsident des Deutschen Eishockey Bundes 1954 Franz Reindl
20%
ehemaliger Formel 1 Fahrer und Deutscher Tourenmeister 1951 Hans-Joachim Stuck
20%
ehemalige Biathletin und Skirennläuferin, Olympiasilbermedaillengewinnerin mit der Staffel 1990 Miriam Gössner
20%
Schauspieler, Franz-Eberhofer-Krimis, Konstanz-"Tatort" 1971 Sebastian Bezzel
20%
Snowboarderin und X-Games Silbermedaillengewinnerin 2024 2002 Annika Morgan
0%
Autor der Jennerwein-Krimis 1953 Jörg Maurer
0%
Biathletin und Europameisterin in der Verfolgung 2023 2004 Selina Grotian
0%
Keine übereinstimmenden Quizze gefunden
Verteilung der Resultate
Anzahl Personen mit jedem Resultat
Perzentil nach korrekt beantworteten Fragen
Ihre Resultats-Entwicklung
Sie haben dieses Quiz seit der letzten Aktualisierung nicht gespielt